| 000 | 00748nam a22002057a 4500 | ||
|---|---|---|---|
| 999 |
_c12143 _d12143 |
||
| 003 | AR-CdUCM | ||
| 008 | 190405b ||||| |||| 00| 0 spa d | ||
| 040 |
_aMUNICIPALIDAD PROVINCIAL DEL CUSCO _cBIBLIOTECA MUNICIPAL DEL CUSCO |
||
| 082 |
_a151 / _bN495 / 1944 _22ed. |
||
| 100 |
_aNeuschlosz, Simón Marcelo _929839 |
||
| 245 | _aAnálisis del conocimiento científico / | ||
| 260 |
_aBuenos Aires : _bLozada _c1944. |
||
| 300 |
_a305 páginas ; _c20 cm. |
||
| 505 | _aContenido: Fuentes de conocimiento -- Estructura Logica de las ciencias -- Las doctrinas filosóficas del saber ... | ||
| 650 |
_aConocimiento _95704 |
||
| 650 |
_aFilosofía. _9395 |
||
| 650 |
_aTeoría del Ciencia _929840 |
||
| 942 |
_2ddc _cLIBROS |
||
| 945 |
_acmm _d2019-04-05 |
||